书目信息 |
| 题名: |
国家执业药师资格考试押题宝典
|
|
| 作者: | ;专家编写组 编著 | |
| 分册: | 药事管理与法规 | |
| 出版信息: | 北京 北京科学技术出版社 2015 |
|
| 页数: | 156页 | |
| 开本: | 26cm | |
| 丛书名: | ||
| 单 册: | ||
| 中图分类: | R95-44 | |
| 科图分类: | ||
| 主题词: | 药政管理--Yao Zheng Guan Li--药剂人员--资格考试--习题集 , 药事法规--Yao Shi Fa Gui--药剂人员--资格考试--习题集 | |
| 电子资源: | ||
| ISBN: | 978-7-5304-7737-3 | |
| 000 | 01147nam 2200277 450 | |
| 001 | 1671233494 | |
| 005 | 20150804094015.7 | |
| 010 | @a978-7-5304-7737-3@dCNY39.00 | |
| 100 | @a20150804d2015 em y0chiy0120 ea | |
| 101 | 0 | @achi |
| 102 | @aCN@b110000 | |
| 105 | @ak q 000yy | |
| 106 | @ar | |
| 200 | 1 | @a国家执业药师资格考试押题宝典@AGuo Jia Zhi Ye Yao Shi Zi Ge Kao Shi Ya Ti Bao Dian@i药事管理与法规@f专家编写组编著 |
| 210 | @a北京@c北京科学技术出版社@d2015 | |
| 215 | @a156页@d26cm | |
| 330 | @a本书以最新《国家执业药师资格考试考试大纲》为依据、历年真题为基础,在题型、知识点和难度系数上完全按照真卷编写模拟习题。每套试卷配有详细答案解析。 | |
| 333 | @a参加2015国家执业药师资格考试的考生。 | |
| 516 | 1 | @a2015国家执业药师资格考试押题宝典@A2015 Guo Jia Zhi Ye Yao Shi Zi Ge Kao Shi Ya Ti Bao Dian |
| 517 | 1 | @a药事管理与法规@AYao Shi Guan Li Yu Fa Gui |
| 606 | 0 | @a药政管理@AYao Zheng Guan Li@x药剂人员@x资格考试@j习题集 |
| 606 | 0 | @a药事法规@AYao Shi Fa Gui@x药剂人员@x资格考试@j习题集 |
| 690 | @aR95-44@v5 | |
| 711 | 02 | @a专家编写组@AZhuan Jia Bian Xie Zu@4编著 |
| 801 | 0 | @aCN@b江苏新华@c20150511 |
| 905 | @aBZT@dR95-44@e2 | |
| 国家执业药师资格考试押题宝典.药事管理与法规/专家编写组编著.-北京:北京科学技术出版社,2015 |
| 156页;26cm |
| 使用对象:参加2015国家执业药师资格考试的考生。 |
| ISBN 978-7-5304-7737-3:CNY39.00 |
| 本书以最新《国家执业药师资格考试考试大纲》为依据、历年真题为基础,在题型、知识点和难度系数上完全按照真卷编写模拟习题。每套试卷配有详细答案解析。 |
| ● |
| 相关链接 |
|
|
|
正题名:国家执业药师资格考试押题宝典
索取号:R95-44/2
 
预约/预借
| 序号 | 登录号 | 条形码 | 馆藏地/架位号 | 状态 | 备注 |
| 1 | 800109 | 2000800109 | 第二书库/ [索取号:R95-44/2] | 在馆 | |
| 2 | 800110 | 2000800110 | 第二书库/ [索取号:R95-44/2] | 在馆 | |
| 3 | 800111 | 2000800111 | 第二书库/ [索取号:R95-44/2] | 在馆 |